| 000 | 00417nam a2200109Ia 4500 | ||
|---|---|---|---|
| 008 | 171204s9999 xx 000 0 und d | ||
| 245 | 4 | _aThe Design and Implementation of the FreeBSD Operating System: | |
| 245 | _cGeorge V. Neville-Neil, Marshall Kirk McKusick, and Robert N.M. Watson | ||
| 260 | _c2015 | ||
| 650 | _xADVANCED OPERATING SYSTEM AND NETWORKING | ||
| 856 | _uhttp://down.ebook777.com/023/9780321968975.pdf | ||
| 999 |
_c347097 _d347097 |
||